000 00625nam a2200253Ia 4500
003 OSt
005 20220912152401.0
006 a|||||r|||| 00| 0
007 ta
008 220909b |||||||| |||| 00| 0 eng d
024 _a50300
037 _cTextual
040 _aCSL
_beng
_cCSL
041 _aeng
082 _aI:11.25263, L8.1
100 _aRaizada M B
245 0 _aFlora of Mussoorie
260 _aDehra
_bDun
_c1978
300 _ap.
_ccm.
650 _aBotany
700 _a Saxena H O
942 _hI:11.25263, L8.1
_cTEXL
_2CC
999 _c84854
_d84854